The handbook of European structured financial products

Bewaard in:
Bibliografische gegevens
Hoofdauteur:  Fabozzi, Frank J
Formaat: Sách
Taal:Undetermined
Gepubliceerd in:  John Wiley & Son, Inc  2004
Onderwerpen:
Tags: Voeg label toe
Geen labels, Wees de eerste die dit record labelt!
Thư viện lưu trữ: Trung tâm Thư viện - Trường Đại học Công nghiệp TP. Hồ Chí Minh
LEADER 00501nam a2200157Ia 4500
001 UIH_04170
008 231011s9999 xx 000 0 und d
082 |a  332.63 
100 |a  Fabozzi, Frank J 
245 0 |a  The handbook of European structured financial products 
245 0 |c  Fabozzi, Frank J 
260 |b  John Wiley & Son, Inc 
260 |c  2004 
650 |a  Đầu tư;  
927 |a Sách 
980 |a Trung tâm Thư viện - Trường Đại học Công nghiệp TP. Hồ Chí Minh